000 00507nam a2200193 a 4500
001 1769935627379
003 YourLibrary
005 20260201143128.0
008 260201s2004##################000#0#eng##
020 _a9781403918857
082 0 4 _a332.042
_bGRA
100 1 _aGray, H.,
_eauthor.
245 1 0 _aThe Exhaustion of the Dollar :
260 _bPalgrave Macmillan,
_c2004.
300 _a215 pages
650 0 _aBusiness & Economics.
942 _cENGLISH
040 _aYourLibrary
_beng
_cYourLibrary
999 _c609668
_d609668